| 000 | 00780nmc a2200313 a 4500 | ||
|---|---|---|---|
| 003 | AR-BaBNM | ||
| 005 | 20251128210150.0 | ||
| 008 | 159019s1976 ||||||||||||||000 | spa|| | ||
| 020 | _a84-7080-955-5 | ||
| 040 | _cAR-BaBNM | ||
| 100 | 1 | _aAranguren, José Luis | |
| 245 | 1 | 0 | _aQué son los fascismos |
| 260 |
_aBarcelona _bLa Gaya Ciencia _c1976 |
||
| 300 | 0 |
_a77 p. _bil. |
|
| 490 | 0 |
_aBiblioteca de divulgación política _vv. 8 |
|
| 650 | 4 | _aIDEOLOGIAS | |
| 650 | 4 | _aPOLITICA | |
| 650 | 4 | _aSISTEMAS POLITICOS | |
| 650 | 4 | _aPROCESOS POLITICOS | |
| 650 | 4 | _aPENSAMIENTO | |
| 650 | 4 | _aHISTORIA POLITICA | |
| 650 | 4 | _aFASCISMO | |
| 650 | 4 | _aNACIONALISMO | |
| 650 | 4 | _aNAZISMO | |
| 651 | 4 | _aEuropa | |
| 653 | _aFRANQUISMO | ||
| 942 | _cBK | ||
| 998 | _cMariana | ||
| 999 |
_c14339 _d14339 |
||